| 000 | 00451nam a22001697a 4500 | ||
|---|---|---|---|
| 003 | BD-ChCU | ||
| 005 | 20260430092334.0 | ||
| 008 | 260430b bg ||||| |||| 00| 0 ben d | ||
| 040 | _cBD-ChCU | ||
| 082 | _a615.19 TIN | ||
| 100 |
_aTingstad, James E. _922114 |
||
| 245 |
_aMathematics for pharmacy students.// _cE. James Kingstad. |
||
| 260 |
_aNew York. _bWiley _c1964 |
||
| 300 | _ax, 106p | ||
| 650 | 0 |
_aMathematics. _922116 |
|
| 942 |
_2ddc _cBK _n0 |
||
| 999 |
_c112534 _d112534 |
||